| 000 -LEADER |
| fixed length control field |
00708nam a22001937a 4500 |
| 020 ## - INTERNATIONAL STANDARD BOOK NUMBER |
| ISBN |
9781032055558 |
| 082 ## - DEWEY DECIMAL CLASSIFICATION NUMBER |
| Classification number |
351 |
| Item number |
R8137 2022 |
| 100 ## - MAIN ENTRY--AUTHOR NAME |
| Personal name |
Rosenbloom, David M., author. |
| 245 ## - TITLE STATEMENT |
| Title |
Public administration : understanding management, politics, and law in the public sector / David H. Rosenbloom, Robert S. Kravchuk and Richard M. Clerkin. |
| 250 ## - EDITION STATEMENT |
| Edition statement |
Ninth edition. |
| 260 ## - PUBLICATION, DISTRIBUTION, ETC. (IMPRINT) |
| Place of publication |
New York, NY : |
| Name of publisher |
Routledge, |
| Year of publication |
©2022. |
| 300 ## - PHYSICAL DESCRIPTION |
| Number of Pages |
xx, 640 pages ; |
| Other physical details |
26 cm. |
| 500 ## - GENERAL NOTE |
| General note |
Includes bibliographical references and index. |
| 650 ## - SUBJECT ADDED ENTRY--TOPICAL TERM |
| Topical Term |
Public administration. |
| 650 ## - SUBJECT ADDED ENTRY--TOPICAL TERM |
| Topical Term |
United States -- Politics and government. |
| 700 ## - ADDED ENTRY--PERSONAL NAME |
| Personal name |
Kravchuk, Robert S. |
| 700 ## - ADDED ENTRY--PERSONAL NAME |
| Personal name |
Clerkin, Richard M. |
| 942 ## - ADDED ENTRY ELEMENTS (KOHA) |
| Koha item type |
Books |